| 000 | 00965nam a2200301 i 4500 | ||
|---|---|---|---|
| 001 | 33010 | ||
| 003 | KOSZ 005 | ||
| 005 | 20200218144158.0 | ||
| 008 | 961010s1987 pl a f |000 0 pol | ||
| 020 | _a8320408156 | ||
| 040 |
_cKOSZ 005 _aKOSZ 005 _dKOSZ 005/HR |
||
| 080 | _a51 | ||
| 080 | _a(075.8) | ||
| 100 | 1 |
_aTrajdos, Tadeusz _d(1922-2002) _eAutor |
|
| 245 | 1 | 0 |
_aMatematyka dla inżynierów. _nT. 1 / _cTadeusz Trajdos. |
| 250 | _aWyd. 5 popr. | ||
| 260 |
_aWarszawa : _bWydawnictwa Naukowo-Techniczne, _c1987. |
||
| 300 |
_a423 s. : _brys., wykr. ; _c24 cm. |
||
| 380 | _aKsiążki | ||
| 388 | _a1901-2000 | ||
| 504 | _aBibliogr. s. 408. - Indeksy. | ||
| 650 | 7 | _aMatematyka | |
| 655 | 7 | _aPodręczniki akademickie | |
| 658 | _aMatematyka | ||
| 710 | 2 | _aWydawnictwa Naukowo-Techniczne | |
| 856 |
_uhttp://koha.tu.koszalin.pl/cgi-bin/koha/opac-detail.pl?biblionumber=33010 _yKatalog online BPK |
||
| 942 |
_cKS _2UKD |
||
| 999 |
_c33010 _d33010 |
||